| 000 | 00433 a2200157 4500 | ||
|---|---|---|---|
| 005 | 20250527162545.0 | ||
| 008 | 250527b |||||||| |||| 00| 0 eng d | ||
| 020 | _a9788119364947 | ||
| 041 | _aEnglish | ||
| 100 |
_aWinston W.L. _9115451 |
||
| 245 | _a Microsoft Excel Data Analysis And Business Modeling (Office 2021 And Microsoft 365) | ||
| 250 | _a7th | ||
| 260 |
_bPHI Learning P.Ltd. _c2022 |
||
| 300 | _a1128 | ||
| 942 | _cBK | ||
| 999 |
_c366722 _d366722 |
||